| 000 | 00797cam a2200265 a 4500 | ||
|---|---|---|---|
| 001 | 4208205 | ||
| 003 | OSt | ||
| 005 | 20150916082605.0 | ||
| 008 | 820428s1982 maua b 001 0 eng | ||
| 010 | _a 81081703 | ||
| 040 |
_aDLC _cDLC _dDLC |
||
| 050 | 0 | 0 |
_aBF713 _b.R56 |
| 082 | 0 | 0 |
_a155 _219 |
| 100 | 1 | _aRipple, Richard E. | |
| 245 | 1 | 0 |
_aHuman development / _cRichard E. Ripple, Robert F. Biehler, Gail A. Jaquish. |
| 260 |
_aBoston : _bHoughton Mifflin, _cc1982. |
||
| 300 |
_axiii, 673 p. : _bill. ; _c25 cm. |
||
| 500 | _aIncludes index. | ||
| 504 | _aBibliography: p. 621-655. | ||
| 650 | 0 | _aDevelopmental psychology. | |
| 700 | 1 |
_aBiehler, Robert F. _q(Robert Frederick), _d1927- |
|
| 700 | 1 | _aJaquish, Gail A. | |
| 906 |
_a7 _bcbc _corignew _d2 _eopcn _f19 _gy-gencatlg |
||
| 942 |
_2lcc _cBK |
||
| 999 |
_c34 _d34 |
||